000 01499nam0a22002891 4500
001 rc\3991748
005 20130415123233.4
021 _aRU
_b[49-32508]
035 _a(NLR Aleph) 008067905
090 _a9044626
_c9044626
100 _a20130415d1949 |||y0rusy50 ca
101 0 _arus
102 _aRU
105 _ay z |||||
200 1 _aВопросы коммунистического воспитания на уроках литературы
_eИз опыта работы учителей-словесников
_eСборник статей
_fПод ред. Г.К. Бочарова
_gАкад. пед. наук РСФСР. Ин-т методов обучения
210 _aМосква
_cИзд-во и тип. Изд-ва Акад. пед. наук РСФСР
_d1949
215 _a155 с.
_d20
225 1 _aПедагогическая библиотека учителя
606 _aЛитература
_xМетодика преподавания
_xИдейно-политическая направленность
_2psbo
606 _aКоммунистическое воспитание молодежи
_xРоль художественной литературы
_2psbo
702 1 _aБочаров
_bГ. К.
_gГеоргий Константинович
_4340
712 0 2 _aНИИ методов обучения
_cМосква
_3RU\NLR\AUTH\8810014705
801 0 _aRU
_bNLR
_gpsbo
801 1 _aRU
_bELAR
_2rusmarc
852 _aNLR
_jПр20 Г-3/222
942 _cBOOK
980 _aNB